000 00473nam a2200181Ia 4500
005 20250326130103.0
008 250326s9999 xx 000 0 und d
037 _aTextbook
040 _aFMSL
_beng
_cFMSL
041 _aeng
_2eng
084 _aX.1 L0
_qFMSL
100 _aHaley B F
245 0 _aSurvey of cantempory economics
_cHaley B F
260 _aNY
_bNY, Richard D Irwin
_c1970
300 _a474p
942 _cTB
_hX.1 L0
999 _c1280853
_d1280853